Harmonizácia legislatívy SR v oblasti geneticky modifikovaných organizmov s právom Európskej únie
Zabezpečenie ochrany zdravia spotrebiteľov. Označovanie geneticky modifikovaných potravín. Orgány príslušné na výkon štátnej správy ku GMO. Ministerstvo životného prostredia SR. Ministerstvo pôdohospodárstva. Zoznam právnych predpisov ST-GMO (P).
Guardado en:
| Autor principal: | |
|---|---|
| Formato: | Capítulo de libro |
| Lenguaje: | eslovaco |
| Materias: | |
| Etiquetas: |
Sin Etiquetas, Sea el primero en etiquetar este registro!
|
MARC
| LEADER | 00000naa$a2200000$$$4500 | ||
|---|---|---|---|
| 001 | 0066343 | ||
| 005 | 20240502071803.9 | ||
| 041 | 0 | |a slo | |
| 044 | |a SK | ||
| 245 | 1 | 0 | |a Harmonizácia legislatívy SR v oblasti geneticky modifikovaných organizmov s právom Európskej únie |c Zora Szakalová |
| 520 | |a Zabezpečenie ochrany zdravia spotrebiteľov. Označovanie geneticky modifikovaných potravín. Orgány príslušné na výkon štátnej správy ku GMO. Ministerstvo životného prostredia SR. Ministerstvo pôdohospodárstva. Zoznam právnych predpisov ST-GMO (P). | ||
| 610 | 2 | 0 | |a legislatíva |
| 610 | 2 | 0 | |a právo európske |
| 610 | 2 | 0 | |a Európska únia |
| 610 | 2 | 0 | |a ochrana zdravia |
| 610 | 2 | 0 | |a spotrebitelia |
| 610 | 2 | 0 | |a potraviny modifikované geneticky |
| 100 | 1 | |a Szakalová, Zora, 1961-2024 | |